A demokráciák vége. {Sfârsitul democratiilor}. [The end of democracies]
Elmentve itt :
| Szerző: | |
|---|---|
| Adatforrás: | Meister |
| Forrásdokumentuma: | A Hét. - 2002. 5, 5. |
| Nyelv: | magyar |
| Kulcsszavak: | politikai esszé eseu politic political essay fanatism fanatizmus iszlám islam |
| LEADER | 00532nab a2200193 i 4500 | ||
|---|---|---|---|
| 001 | bibPRO00011237 | ||
| 008 | 080908s2002 xx hun | ||
| 040 | |a Sz1 | ||
| 041 | |a hun | ||
| 100 | 1 | |a DOINAS Stefan Augustin | |
| 245 | 1 | 2 | |a A demokráciák vége. {Sfârsitul democratiilor}. [The end of democracies] |c DOINAS Stefan Augustin |
| 695 | |a politikai esszé | ||
| 695 | |a eseu politic | ||
| 695 | |a political essay | ||
| 695 | |a fanatism | ||
| 695 | |a fanatizmus | ||
| 695 | |a iszlám | ||
| 695 | |a islam | ||
| 773 | 0 | |t A Hét. - |g 2002. 5, 5. | |